BSOP header

Essential psychopathology and its treatment / (Record no. 44946)

MARC details
000 -LEADER
fixed length control field 01078pam a2200325 a 4500
001 - CONTROL NUMBER
control field 2070562
005 - DATE AND TIME OF LATEST TRANSACTION
control field 20181214132952.0
008 - FIXED-LENGTH DATA ELEMENTS--GENERAL INFORMATION
fixed length control field 940928s1995 nyu b 001 0 eng c
020 ## - INTERNATIONAL STANDARD BOOK NUMBER
International Standard Book Number 0393701735 :
040 ## - CATALOGING SOURCE
Original cataloging agency DNLM/DLC
Transcribing agency DLC
Modifying agency DLC
100 1# - MAIN ENTRY--PERSONAL NAME
Personal name Maxmen, Jerrold S.
245 10 - TITLE STATEMENT
Title Essential psychopathology and its treatment /
Statement of responsibility, etc Jerrold S. Maxmen, Nicholas G. Ward.
250 ## - EDITION STATEMENT
Edition statement 2nd ed. /
Remainder of edition statement rev. for DSM-IV
260 ## - PUBLICATION, DISTRIBUTION, ETC. (IMPRINT)
Place of publication, distribution, etc New York :
Name of publisher, distributor, etc W.W. Norton,
Date of publication, distribution, etc c1995.
300 ## - PHYSICAL DESCRIPTION
Extent xiii, 541 p. ;
Dimensions 24 cm.
336 ## - CONTENT TYPE
Content Type Term text
337 ## - MEDIA TYPE
Media Type Term unmediated
338 ## - CARRIER TYPE
Carrier Type Term volume
500 ## - GENERAL NOTE
General note Rev. ed. of: Essential psychopathology. 1st ed. c1986.
500 ## - GENERAL NOTE
General note "A Norton professional book"--P. facing t.p.
504 ## - BIBLIOGRAPHY, ETC. NOTE
Bibliography, etc Includes bibliographical references (p. 509-523) and index.
650 #0 - SUBJECT ADDED ENTRY--TOPICAL TERM
Topical term or geographic name as entry element Psychology, Pathological.
650 #0 - SUBJECT ADDED ENTRY--TOPICAL TERM
Topical term or geographic name as entry element Psychiatry.
650 12 - SUBJECT ADDED ENTRY--TOPICAL TERM
Topical term or geographic name as entry element Mental Disorders
General subdivision diagnosis.
650 12 - SUBJECT ADDED ENTRY--TOPICAL TERM
Topical term or geographic name as entry element Mental Disorders
General subdivision therapy.
650 22 - SUBJECT ADDED ENTRY--TOPICAL TERM
Topical term or geographic name as entry element Psychopathology.
700 1# - ADDED ENTRY--PERSONAL NAME
Personal name Ward, Nicholas G.
700 1# - ADDED ENTRY--PERSONAL NAME
Personal name Maxmen, Jerrold S.
International Standard Serial Number Essential psychopathology.
942 ## - ADDED ENTRY ELEMENTS (KOHA)
Source of classification or shelving scheme Library of Congress Classification
Item type Books
Holdings
Withdrawn status Lost status Source of classification or shelving scheme Damaged status Not for loan Home library Current library Shelving location Date acquired Inventory number Total Checkouts Full call number Barcode Date last seen Price effective from Koha item type Source of acquisition Copy number
    Library of Congress Classification     BSOP Library BSOP Library GC 12/14/2018 44678   RC454 M45 1995 00055678 12/14/2018 12/14/2018 Books    
    Library of Congress Classification     BSOP Library BSOP Library GC 01/09/2019 44872   RC454 M45 1995 c.2 00055872 01/09/2019 01/09/2019 Books Donated by Dr. William and Mariel Kirwan c.2
BSOP

Biblical Seminary of the Philippines
  All rights Reserved
  © 2024

CONTACT INFORMATION

Biblical Seminary of the Philippines,
  77-B Karuhatan Road, Valenzuela City,
  PHILIPPINES 1441
  Phone: +632 8292-6795 / 8292-6798
  Fax : +632 8292-6675
  Email: library@bsop.edu.ph